| 000 | 00831cgm a2200241 4500 | ||
|---|---|---|---|
| 001 | B3036 | ||
| 008 | 090401t1988 xxu||||| |||| 00| 0 eng d | ||
| 035 | _a(Sirsi) u53667 | ||
| 041 | _aeng | ||
| 050 | _a690.241 | ||
| 110 |
_aGleeson John _93413 |
||
| 245 | _aBuilding conservation (sound recording) | ||
| 260 |
_aLondon _bRoyal Institution of Chartered Surveyors _c1988 |
||
| 300 | _a1 sound cassette (60 min.) | ||
| 350 | _a10 | ||
| 490 | _aOwlion Audio Programme | ||
| 520 | _aPublished jointly with the College of Estate Management . The theory and practical aspects of conservation, listed procedures, the law relating to conservation forms of contract and the funding of projects | ||
| 650 | _aAUDIO CASSETTES | ||
| 650 | _aHISTORIC BUILDINGS | ||
| 650 | _aLISTED BUILDINGS | ||
| 942 | _n0 | ||
| 948 | _c04/03/1997 | ||
| 999 |
_c85267 _d85267 |
||